| 000 | 00600nam a2200241Ia 4500 | ||
|---|---|---|---|
| 003 | OSt | ||
| 005 | 20221005122218.0 | ||
| 006 | a|||||r|||| 00| 0 | ||
| 007 | ta | ||
| 008 | 221004b |||||||| |||| 00| 0 eng d | ||
| 024 | _a65378 | ||
| 037 | _cTextual | ||
| 040 |
_aCRL _cCRL _beng |
||
| 041 |
_2eng _aeng |
||
| 082 | _aV45:1:N5, J31-;1 | ||
| 100 | _aFrye Richard N | ||
| 245 | 0 | _aIran | |
| 260 | _c1953 | ||
| 490 | _aBerkshire studies in European historyn; 20 | ||
| 650 | _aHISTORY | ||
| 942 |
_hV45:1:N5, J31-;1 _cTEXL _2cc |
||
| 999 |
_c1043612 _d1043612 |
||